Les 12 coups de midi | Coup fatal #8 - Statistiques

Statistiques générales
  • Ce quiz a été pris 462 fois
  • Le résultat moyen est 7 sur 17
Statistiques - réponses
Questions Réponses % Correct
Combien y a-t-il de lettres dans notre alphabet ? 26
89%
Quel terme désigne à la fois une bobine de fil et une boîte métallique de soda ? canette
89%
A quel établissement français correspond l'anglais "swimming pool" ? piscine
86%
Quel artiste américain chante sur le titre "Get Lucky" de Daft Punk ? Pharrell Williams
68%
Quelle vitesse enclenche-t-on pour reculer en voiture ? marche arrière
53%
Dans quelle mer la baie de Morlaix se situe-t-elle ? la manche
47%
Selon les paroles d'une chanson d'Hervé Vilard : "Capri, c'est... fini
42%
Sur quelles pièces de bois marche-t-on à Deauville ou joue-t-on au théâtre ? planches
42%
Quel mot de trois lettres désigne la période d'activité sexuelle des mammifères ? rut
40%
Dans "Le Magicien d'Oz", quel animal manque de courage ? lion
34%
Quel adverbe issu du grec "Kateminia" signifie "en cachette", "discrètement", "secrètement" ? catimini
24%
Dans la mythologie égyptienne, quel dieu jugeait l'âme des défunts ? Osiris
21%
Quel type de fruit le personnage de manga Luffy a-t-il mangé pour avoir un corps élastique ? fruit du démon
19%
Comment appelle-t-on une planète composée de roche et de métal ? tellurique
17%
Quelle île japonaise a pour ville principale Sapporo ? Hokkaido
14%
Quel acteur joue le mari de Roseanne dans la série du même nom ? John Goodman
1%
Qui incarne l'héroïne de la série "Mademoiselle Holmes" sur TF1 ? Lola Dewaere
1%
Aucun quiz correspondant
Distribution des résultats
% des personnes avec chaque résultat
Percentile par nombre de réponses
Votre historique - résultats
Vous n’avez pas pris ce quiz